[Event "Classic Open"]
[Site "Estonia Resort Hotel & Spa conference center, Parnu, EE"]
[Date "2025.08.12"]
[Round "3"]
[White "Luong Phuong Hanh"]
[Black "Sharan, Rao"]
[Result "0-1"]
[Board "5"]
[WhiteFideId "12401013"]
[BlackFideId "5073464"]
[WhiteTitle "WIM"]
[BlackTitle "IM"]
[WhiteElo "2121"]
[BlackElo "2365"]
[WhiteTeam "VIE"]
[BlackTeam "IND"]
[WhiteClock "0:04:37"]
[BlackClock "0:08:31"]
[Variant "Standard"]

1. d4 {[%clk 1:30:57]}  Nf6 {[%clk 1:21:07]} 2. Nf3 {[%clk 1:31:19]}  d5 {[%clk 1:21:33]} 3. c4 {[%clk 1:31:36]}  e6 {[%clk 1:21:59]} 4. g3 {[%clk 1:31:58]}  Be7 {[%clk 1:22:18]} 5. Bg2 {[%clk 1:32:23]}  Ne4 {[%clk 1:22:43]} 6. O-O {[%clk 1:32:36]}  f5 {[%clk 1:23:10]} 7. Ne5 {[%clk 1:30:22]}  Nd7 {[%clk 1:22:15]} 8. Nxd7 {[%clk 1:27:23]}  Bxd7 {[%clk 1:22:29]} 9. f3 {[%clk 1:27:03]}  Nd6 {[%clk 1:21:17]} 10. cxd5 {[%clk 1:26:51]}  exd5 {[%clk 1:21:41]} 11. Nc3 {[%clk 1:26:42]}  c6 {[%clk 1:15:42]} 12. e4 {[%clk 1:26:53]}  Be6 {[%clk 1:05:28]} 13. exd5 {[%clk 1:23:53]}  cxd5 {[%clk 1:04:48]} 14. Re1 {[%clk 1:22:46]}  Qd7 {[%clk 1:04:06]} 15. Bf4 {[%clk 1:14:51]}  Kf7 {[%clk 0:57:47]} 16. Bxd6 {[%clk 1:13:55]}  Qxd6 {[%clk 0:56:32]} 17. f4 {[%clk 1:13:47]}  Rad8 {[%clk 0:50:24]} 18. Rc1 {[%clk 1:00:12]}  a6 {[%clk 0:43:33]} 19. Rc2 {[%clk 0:54:42]}  Bf6 {[%clk 0:35:29]} 20. Rce2 {[%clk 0:53:44]}  Rhe8 {[%clk 0:34:23]} 21. Rxe6 {[%clk 0:36:49]}  Rxe6 {[%clk 0:33:56]} 22. Bxd5 {[%clk 0:37:11]}  Rde8 {[%clk 0:34:04]} 23. Rxe6 {[%clk 0:33:45]}  Rxe6 {[%clk 0:34:18]} 24. Kg2 {[%clk 0:31:44]}  Kg6 {[%clk 0:28:15]} 25. Bxe6 {[%clk 0:22:19]}  Qxe6 {[%clk 0:28:43]} 26. Qd3 {[%clk 0:22:00]}  h5 {[%clk 0:26:14]} 27. d5 {[%clk 0:21:28]}  Qb6 {[%clk 0:23:54]} 28. Qe2 {[%clk 0:21:45]}  Kh6 {[%clk 0:22:35]} 29. Kh3 {[%clk 0:22:05]}  Qd4 {[%clk 0:20:11]} 30. Kg2 {[%clk 0:22:17]}  b5 {[%clk 0:19:11]} 31. Qd1 {[%clk 0:21:30]}  Qxd1 {[%clk 0:15:28]} 32. Nxd1 {[%clk 0:21:59]}  Kg6 {[%clk 0:15:52]} 33. b3 {[%clk 0:12:13]}  Kf7 {[%clk 0:16:07]} 34. h3 {[%clk 0:09:07]}  Ke7 {[%clk 0:15:19]} 35. Kf3 {[%clk 0:04:42]}  Bd4 {[%clk 0:12:49]} 36. g4 {[%clk 0:03:09]}  fxg4+ {[%clk 0:11:06]} 37. hxg4 {[%clk 0:03:33]}  hxg4+ {[%clk 0:11:20]} 38. Kxg4 {[%clk 0:03:59]}  Kd6 {[%clk 0:11:47]} 39. Kf3 {[%clk 0:04:17]}  Kxd5 {[%clk 0:12:13]} 40. Ne3+ {[%clk 0:04:39]}  Bxe3 {[%clk 0:05:46]} 41. Kxe3 {[%clk 0:05:07]}  b4 {[%clk 0:06:10]} 42. Kd3 {[%clk 0:05:27]}  Ke6 {[%clk 0:06:18]} 43. Ke4 {[%clk 0:05:39]}  Kf6 {[%clk 0:06:46]} 44. f5 {[%clk 0:04:57]}  Kg5 {[%clk 0:06:52]} 45. Ke5 {[%clk 0:05:21]}  a5 {[%clk 0:06:44]} 46. Ke4 {[%clk 0:03:13]}  Kg4 {[%clk 0:07:09]} 47. Ke5 {[%clk 0:03:37]}  Kf3 {[%clk 0:07:30]} 48. Kd5 {[%clk 0:03:18]}  Kf4 {[%clk 0:07:40]} 49. Ke6 {[%clk 0:03:45]}  Ke4 {[%clk 0:08:05]} 50. f6 {[%clk 0:04:10]}  gxf6 {[%clk 0:08:31]} 51. Kxf6 {[%clk 0:04:37]} 0-1

[Event "Classic Open"]
[Site "Estonia Resort Hotel & Spa conference center, Parnu, EE"]
[Date "2025.08.12"]
[Round "3"]
[White "Fischer, Daniel"]
[Black "Lapshun, Yury"]
[Result "1-0"]
[Board "6"]
[WhiteFideId "1328360"]
[BlackFideId "2006960"]
[WhiteTitle "IM"]
[BlackTitle "IM"]
[WhiteElo "2360"]
[BlackElo "2264"]
[WhiteTeam "SUI"]
[BlackTeam "USA"]
[WhiteClock "0:17:31"]
[BlackClock "1:03:02"]
[Variant "Standard"]

1. e4 {[%clk 1:30:57]}  e5 {[%clk 1:27:04]} 2. Nf3 {[%clk 1:31:20]}  Nc6 {[%clk 1:27:31]} 3. Bb5 {[%clk 1:31:43]}  Nd4 {[%clk 1:27:56]} 4. Nxd4 {[%clk 1:32:02]}  exd4 {[%clk 1:28:21]} 5. O-O {[%clk 1:31:51]}  Bc5 {[%clk 1:28:46]} 6. Bc4 {[%clk 1:31:19]}  d6 {[%clk 1:28:01]} 7. d3 {[%clk 1:31:12]}  Be6 {[%clk 1:27:00]} 8. Bxe6 {[%clk 1:20:01]}  fxe6 {[%clk 1:27:28]} 9. Qh5+ {[%clk 1:18:27]}  g6 {[%clk 1:27:50]} 10. Qe2 {[%clk 1:18:53]}  Qd7 {[%clk 1:23:55]} 11. a4 {[%clk 1:10:35]}  Ne7 {[%clk 1:23:10]} 12. Nd2 {[%clk 1:09:23]}  a6 {[%clk 1:22:39]} 13. Nb3 {[%clk 1:05:31]}  O-O {[%clk 1:21:36]} 14. Nxc5 {[%clk 1:04:00]}  dxc5 {[%clk 1:22:00]} 15. Bd2 {[%clk 1:01:05]}  Nc6 {[%clk 1:21:43]} 16. b3 {[%clk 0:59:33]}  e5 {[%clk 1:19:29]} 17. g3 {[%clk 0:53:51]}  Qh3 {[%clk 1:14:41]} 18. f4 {[%clk 0:53:26]}  Rae8 {[%clk 1:13:57]} 19. Rf2 {[%clk 0:50:15]}  Rf7 {[%clk 1:13:31]} 20. Raf1 {[%clk 0:49:15]}  Ref8 {[%clk 1:13:33]} 21. Rf3 {[%clk 0:44:28]}  Kh8 {[%clk 1:12:19]} 22. Qg2 {[%clk 0:42:17]}  Qxg2+ {[%clk 1:11:57]} 23. Kxg2 {[%clk 0:42:45]}  exf4 {[%clk 1:10:24]} 24. gxf4 {[%clk 0:37:20]}  b5 {[%clk 1:09:31]} 25. axb5 {[%clk 0:35:43]}  axb5 {[%clk 1:09:57]} 26. Rg3 {[%clk 0:24:40]}  Ra8 {[%clk 1:05:15]} 27. Rg5 {[%clk 0:23:57]}  c4 {[%clk 1:05:15]} 28. bxc4 {[%clk 0:23:38]}  Ra2 {[%clk 1:02:11]} 29. cxb5 {[%clk 0:18:32]}  Rxc2 {[%clk 1:02:39]} 30. Rf2 {[%clk 0:18:43]}  Ne7 {[%clk 1:03:02]} 31. Be3 {[%clk 0:17:31]} 1-0

[Event "Classic Open"]
[Site "Estonia Resort Hotel & Spa conference center, Parnu, EE"]
[Date "2025.08.12"]
[Round "3"]
[White "Andrijashkin, Deniss"]
[Black "Kopylov, Daniel"]
[Result "1/2-1/2"]
[Board "7"]
[WhiteFideId "4504631"]
[BlackFideId "12921971"]
[BlackTitle "IM"]
[WhiteElo "2114"]
[BlackElo "2421"]
[WhiteTeam "EST"]
[BlackTeam "GER"]
[WhiteClock "0:01:22"]
[BlackClock "0:01:05"]
[Variant "Standard"]

1. Nf3 {[%clk 1:30:43]}  Nf6 {[%clk 1:23:49]} 2. c4 {[%clk 1:30:24]}  e6 {[%clk 1:23:39]} 3. g3 {[%clk 1:21:06]}  d5 {[%clk 1:23:52]} 4. Bg2 {[%clk 1:21:19]}  Be7 {[%clk 1:22:19]} 5. O-O {[%clk 1:21:20]}  O-O {[%clk 1:21:09]} 6. d4 {[%clk 1:19:15]}  c6 {[%clk 1:20:41]} 7. Nbd2 {[%clk 1:15:56]}  Nbd7 {[%clk 1:19:50]} 8. Qc2 {[%clk 1:15:05]}  b6 {[%clk 1:19:50]} 9. e4 {[%clk 1:13:31]}  dxc4 {[%clk 1:19:32]} 10. Nxc4 {[%clk 1:05:02]}  Bb7 {[%clk 1:19:28]} 11. Rd1 {[%clk 0:50:20]}  c5 {[%clk 1:19:07]} 12. Nfe5 {[%clk 0:47:17]}  cxd4 {[%clk 1:18:14]} 13. Rxd4 {[%clk 0:45:54]}  Qc7 {[%clk 1:17:54]} 14. Bf4 {[%clk 0:34:26]}  Nxe5 {[%clk 1:17:29]} 15. Bxe5 {[%clk 0:34:52]}  Qc6 {[%clk 1:17:43]} 16. Qb3 {[%clk 0:23:35]}  Rfd8 {[%clk 1:10:41]} 17. Rad1 {[%clk 0:21:39]}  Rxd4 {[%clk 1:09:13]} 18. Bxd4 {[%clk 0:18:22]}  Rd8 {[%clk 0:46:58]} 19. Bxf6 {[%clk 0:14:27]}  Bxf6 {[%clk 0:43:22]} 20. Rxd8+ {[%clk 0:14:48]}  Bxd8 {[%clk 0:43:43]} 21. Qd1 {[%clk 0:14:35]}  Be7 {[%clk 0:38:12]} 22. Ne3 {[%clk 0:12:58]}  Qc7 {[%clk 0:36:58]} 23. Qc2 {[%clk 0:09:23]}  Qxc2 {[%clk 0:25:50]} 24. Nxc2 {[%clk 0:09:50]}  Bf6 {[%clk 0:12:17]} 25. b3 {[%clk 0:09:37]}  Bc3 {[%clk 0:12:21]} 26. f3 {[%clk 0:09:24]}  Kf8 {[%clk 0:12:38]} 27. Kf2 {[%clk 0:09:34]}  Ke7 {[%clk 0:12:54]} 28. Bf1 {[%clk 0:09:22]}  g5 {[%clk 0:12:57]} 29. Bd3 {[%clk 0:09:14]}  h6 {[%clk 0:11:08]} 30. Ke3 {[%clk 0:09:07]}  Kd6 {[%clk 0:10:25]} 31. Nd4 {[%clk 0:08:02]}  a6 {[%clk 0:09:57]} 32. Nc2 {[%clk 0:07:03]}  Kc5 {[%clk 0:09:18]} 33. Bc4 {[%clk 0:06:51]}  Bb2 {[%clk 0:09:26]} 34. Bd3 {[%clk 0:06:21]}  Bc1+ {[%clk 0:09:31]} 35. Ke2 {[%clk 0:06:41]}  h5 {[%clk 0:09:17]} 36. Kd1 {[%clk 0:06:33]}  Bb2 {[%clk 0:09:41]} 37. Ke2 {[%clk 0:06:47]}  h4 {[%clk 0:07:58]} 38. Ke3 {[%clk 0:06:21]}  Bc1+ {[%clk 0:08:18]} 39. Ke2 {[%clk 0:06:40]}  a5 {[%clk 0:08:16]} 40. Kf2 {[%clk 0:06:17]}  Bc6 {[%clk 0:07:05]} 41. Ke2 {[%clk 0:05:52]}  b5 {[%clk 0:07:07]} 42. Kf2 {[%clk 0:05:09]}  b4 {[%clk 0:06:50]} 43. Ke2 {[%clk 0:04:31]}  a4 {[%clk 0:06:41]} 44. Kf2 {[%clk 0:00:55]}  Bb2 {[%clk 0:05:02]} 45. Ke3 {[%clk 0:01:02]}  Be5 {[%clk 0:03:26]} 46. Kf2 {[%clk 0:00:49]}  a3 {[%clk 0:03:10]} 47. Kg2 {[%clk 0:00:36]}  Bd7 {[%clk 0:02:49]} 48. Kf2 {[%clk 0:00:36]}  Bd4+ {[%clk 0:02:52]} 49. Kg2 {[%clk 0:00:50]}  e5 {[%clk 0:01:47]} 50. g4 {[%clk 0:00:46]}  Be6 {[%clk 0:01:00]} 51. h3 {[%clk 0:01:06]}  f6 {[%clk 0:01:05]} 52. Kf1 {[%clk 0:01:22]} 1/2-1/2

[Event "Classic Open"]
[Site "Estonia Resort Hotel & Spa conference center, Parnu, EE"]
[Date "2025.08.12"]
[Round "3"]
[White "Keinanen, Toivo"]
[Black "Valdats, Reinis"]
[Result "1-0"]
[Board "8"]
[WhiteFideId "509825"]
[BlackFideId "11617578"]
[WhiteTitle "IM"]
[BlackTitle "FM"]
[WhiteElo "2517"]
[BlackElo "2302"]
[WhiteTeam "FIN"]
[BlackTeam "LAT"]
[WhiteClock "0:01:09"]
[BlackClock "0:00:41"]
[Variant "Standard"]

1. g3 {[%clk 1:27:45]}  e5 {[%clk 1:27:57]} 2. c4 {[%clk 1:27:01]}  Nc6 {[%clk 1:28:19]} 3. Bg2 {[%clk 1:27:21]}  Bc5 {[%clk 1:28:45]} 4. Nc3 {[%clk 1:23:02]}  d6 {[%clk 1:29:07]} 5. e3 {[%clk 1:22:54]}  a6 {[%clk 1:29:32]} 6. Nf3 {[%clk 1:22:51]}  Nf6 {[%clk 1:29:54]} 7. O-O {[%clk 1:18:49]}  O-O {[%clk 1:30:09]} 8. b3 {[%clk 1:18:04]}  Ba7 {[%clk 1:27:30]} 9. Bb2 {[%clk 1:17:36]}  Re8 {[%clk 1:21:47]} 10. d3 {[%clk 1:17:02]}  h6 {[%clk 1:21:01]} 11. Rc1 {[%clk 1:16:38]}  Bf5 {[%clk 1:19:08]} 12. Qd2 {[%clk 1:15:32]}  Qd7 {[%clk 1:16:14]} 13. Rfe1 {[%clk 1:12:49]}  Rad8 {[%clk 1:07:48]} 14. Nd5 {[%clk 1:11:01]}  Nxd5 {[%clk 1:03:36]} 15. cxd5 {[%clk 1:10:17]}  Ne7 {[%clk 1:03:50]} 16. e4 {[%clk 1:09:24]}  Bg4 {[%clk 0:59:20]} 17. d4 {[%clk 1:07:29]}  Ng6 {[%clk 0:48:48]} 18. dxe5 {[%clk 0:53:32]}  Nxe5 {[%clk 0:46:58]} 19. Nd4 {[%clk 0:44:35]}  h5 {[%clk 0:38:58]} 20. Re3 {[%clk 0:40:03]}  Rc8 {[%clk 0:35:00]} 21. f4 {[%clk 0:32:09]}  c5 {[%clk 0:20:12]} 22. Nc2 {[%clk 0:30:37]}  c4 {[%clk 0:17:45]} 23. fxe5 {[%clk 0:20:54]}  cxb3 {[%clk 0:15:45]} 24. e6 {[%clk 0:13:14]}  fxe6 {[%clk 0:14:39]} 25. dxe6 {[%clk 0:09:49]}  Bxe3+ {[%clk 0:14:36]} 26. Qxe3 {[%clk 0:08:52]}  Bxe6 {[%clk 0:10:44]} 27. axb3 {[%clk 0:09:14]}  Qb5 {[%clk 0:07:57]} 28. Nd4 {[%clk 0:08:14]}  Qe5 {[%clk 0:06:37]} 29. Rf1 {[%clk 0:06:52]}  Rf8 {[%clk 0:05:06]} 30. Rxf8+ {[%clk 0:02:35]}  Rxf8 {[%clk 0:05:25]} 31. Nxe6 {[%clk 0:03:01]}  Qxe6 {[%clk 0:05:15]} 32. Qd4 {[%clk 0:03:30]}  Rf7 {[%clk 0:03:00]} 33. Qd3 {[%clk 0:00:37]}  Qg6 {[%clk 0:01:40]} 34. h4 {[%clk 0:00:56]}  d5 {[%clk 0:00:35]} 35. Be5 {[%clk 0:00:34]}  dxe4 {[%clk 0:00:32]} 36. Bxe4 {[%clk 0:00:52]}  Qe6 {[%clk 0:00:36]} 37. Qd8+ {[%clk 0:00:49]}  Rf8 {[%clk 0:00:59]} 38. Qd5 {[%clk 0:00:44]}  Qf7 {[%clk 0:00:31]} 39. Bd6 {[%clk 0:00:44]}  Rd8 {[%clk 0:00:41]} 40. Bh7+ {[%clk 0:01:09]} 1-0

[Event "Classic Open"]
[Site "Estonia Resort Hotel & Spa conference center, Parnu, EE"]
[Date "2025.08.12"]
[Round "3"]
[White "Poetsch, Hagen"]
[Black "Paikens, Reinis"]
[Result "1-0"]
[Board "9"]
[WhiteFideId "24615137"]
[BlackFideId "11624078"]
[WhiteTitle "GM"]
[WhiteElo "2479"]
[BlackElo "2255"]
[WhiteTeam "GER"]
[BlackTeam "LAT"]
[WhiteClock "0:47:46"]
[BlackClock "0:22:36"]
[Variant "Standard"]

1. d4 {[%clk 1:13:30]}  Nf6 {[%clk 1:30:36]} 2. Bg5 {[%clk 1:13:51]}  e6 {[%clk 1:30:55]} 3. e4 {[%clk 1:14:17]}  h6 {[%clk 1:31:16]} 4. Bxf6 {[%clk 1:14:43]}  Qxf6 {[%clk 1:31:29]} 5. Nc3 {[%clk 1:15:09]}  d6 {[%clk 1:29:00]} 6. Qd2 {[%clk 1:14:53]}  g5 {[%clk 1:28:59]} 7. h4 {[%clk 1:15:02]}  Bg7 {[%clk 1:27:46]} 8. hxg5 {[%clk 1:15:19]}  hxg5 {[%clk 1:28:07]} 9. Rxh8+ {[%clk 1:15:44]}  Bxh8 {[%clk 1:28:24]} 10. Nf3 {[%clk 1:15:47]}  g4 {[%clk 1:11:56]} 11. e5 {[%clk 1:16:10]}  Qe7 {[%clk 1:10:19]} 12. Nh2 {[%clk 1:16:30]}  dxe5 {[%clk 1:06:07]} 13. d5 {[%clk 1:16:48]}  e4 {[%clk 0:54:33]} 14. Nxg4 {[%clk 0:59:39]}  exd5 {[%clk 0:44:13]} 15. Nxd5 {[%clk 0:59:24]}  Qd6 {[%clk 0:44:33]} 16. Qg5 {[%clk 0:53:00]}  Bxg4 {[%clk 0:25:26]} 17. Qg8+ {[%clk 0:50:24]}  Kd7 {[%clk 0:24:25]} 18. Qxf7+ {[%clk 0:48:51]}  Kd8 {[%clk 0:22:45]} 19. Qg8+ {[%clk 0:49:10]}  Kd7 {[%clk 0:23:09]} 20. Qxg4+ {[%clk 0:48:57]}  Kc6 {[%clk 0:22:52]} 21. O-O-O {[%clk 0:47:47]}  Qe5 {[%clk 0:22:10]} 22. Qg6+ {[%clk 0:47:57]}  Kc5 {[%clk 0:22:36]} 23. b4# {[%clk 0:47:46]} 1-0

[Event "Classic Open"]
[Site "Estonia Resort Hotel & Spa conference center, Parnu, EE"]
[Date "2025.08.12"]
[Round "3"]
[White "Pidluznij, Gleb"]
[Black "Haitin, Ilja"]
[Result "1-0"]
[Board "10"]
[WhiteFideId "12817082"]
[BlackFideId "4501764"]
[WhiteTitle "FM"]
[BlackTitle "FM"]
[WhiteElo "2431"]
[BlackElo "2239"]
[WhiteTeam "LTU"]
[BlackTeam "EST"]
[WhiteClock "0:08:02"]
[BlackClock "0:00:37"]
[Variant "Standard"]

1. d4 {[%clk 1:30:05]}  d6 {[%clk 1:30:57]} 2. Nf3 {[%clk 1:29:54]}  Nf6 {[%clk 1:31:20]} 3. g3 {[%clk 1:30:16]}  g6 {[%clk 1:31:45]} 4. Bg2 {[%clk 1:30:33]}  Bg7 {[%clk 1:32:11]} 5. O-O {[%clk 1:30:53]}  O-O {[%clk 1:32:37]} 6. Nbd2 {[%clk 1:31:17]}  Nbd7 {[%clk 1:32:52]} 7. e4 {[%clk 1:30:18]}  e5 {[%clk 1:33:17]} 8. dxe5 {[%clk 1:30:42]}  dxe5 {[%clk 1:33:28]} 9. b3 {[%clk 1:31:05]}  Re8 {[%clk 1:23:49]} 10. Bb2 {[%clk 1:31:17]}  b6 {[%clk 1:17:30]} 11. Re1 {[%clk 1:31:33]}  Bb7 {[%clk 1:15:07]} 12. Nh4 {[%clk 1:28:11]}  Bf8 {[%clk 1:07:50]} 13. f3 {[%clk 1:17:25]}  a5 {[%clk 1:03:52]} 14. a4 {[%clk 1:17:35]}  Bc5+ {[%clk 0:54:25]} 15. Kh1 {[%clk 1:17:06]}  Ba6 {[%clk 0:51:03]} 16. Bf1 {[%clk 1:12:12]}  Bf2 {[%clk 0:46:11]} 17. Bxa6 {[%clk 1:12:31]}  Bxe1 {[%clk 0:45:05]} 18. Bb7 {[%clk 1:12:30]}  Ra7 {[%clk 0:34:14]} 19. Qxe1 {[%clk 1:08:22]}  Rxb7 {[%clk 0:34:26]} 20. Nc4 {[%clk 1:08:47]}  Qe7 {[%clk 0:31:47]} 21. Rd1 {[%clk 1:08:42]}  Qe6 {[%clk 0:30:43]} 22. Ng2 {[%clk 1:08:40]}  Rbb8 {[%clk 0:12:54]} 23. Nge3 {[%clk 1:09:02]}  Qh3 {[%clk 0:11:42]} 24. Rd2 {[%clk 1:05:59]}  Nh5 {[%clk 0:04:01]} 25. Kg1 {[%clk 1:03:18]}  f6 {[%clk 0:02:33]} 26. Ng4 {[%clk 1:01:16]}  Nc5 {[%clk 0:01:34]} 27. Qd1 {[%clk 1:01:14]}  Rf8 {[%clk 0:00:35]} 28. Ba3 {[%clk 0:41:02]}  Ng7 {[%clk 0:00:59]} 29. Bxc5 {[%clk 0:37:21]}  bxc5 {[%clk 0:01:28]} 30. Rd7 {[%clk 0:37:43]}  h5 {[%clk 0:00:40]} 31. Nge3 {[%clk 0:38:08]}  Qe6 {[%clk 0:00:34]} 32. Rxc7 {[%clk 0:38:29]}  f5 {[%clk 0:00:37]} 33. Rxc5 {[%clk 0:38:12]}  fxe4 {[%clk 0:00:44]} 34. Rxe5 {[%clk 0:38:41]}  Qf6 {[%clk 0:00:37]} 35. Qd5+ {[%clk 0:29:26]}  Kh7 {[%clk 0:01:06]} 36. f4 {[%clk 0:29:42]}  h4 {[%clk 0:00:34]} 37. Qxe4 {[%clk 0:30:07]}  h3 {[%clk 0:00:44]} 38. Qf3 {[%clk 0:26:31]}  Rbe8 {[%clk 0:00:48]} 39. Qg4 {[%clk 0:18:56]}  Rxe5 {[%clk 0:01:05]} 40. Nxe5 {[%clk 0:19:24]}  Qb6 {[%clk 0:00:50]} 41. Qxh3+ {[%clk 0:18:20]}  Kg8 {[%clk 0:01:19]} 42. N5c4 {[%clk 0:17:57]}  Qd4 {[%clk 0:01:36]} 43. Qg2 {[%clk 0:16:39]}  Rd8 {[%clk 0:01:21]} 44. Qc6 {[%clk 0:16:08]}  Kh7 {[%clk 0:01:12]} 45. Qb6 {[%clk 0:14:27]}  Qa1+ {[%clk 0:01:19]} 46. Kg2 {[%clk 0:14:56]}  Re8 {[%clk 0:01:24]} 47. Ne5 {[%clk 0:13:00]}  Re6 {[%clk 0:01:53]} 48. Qxa5 {[%clk 0:10:58]}  Qd4 {[%clk 0:02:12]} 49. Kf3 {[%clk 0:10:17]}  g5 {[%clk 0:01:39]} 50. Qd5 {[%clk 0:10:09]}  Qa1 {[%clk 0:00:42]} 51. Qd3+ {[%clk 0:09:43]}  Kg8 {[%clk 0:01:02]} 52. Qd1 {[%clk 0:07:08]}  Qc3 {[%clk 0:00:36]} 53. Qd8+ {[%clk 0:07:37]}  Kh7 {[%clk 0:00:37]} 54. Qd3+ {[%clk 0:08:02]} 1-0

[Event "Classic Open"]
[Site "Estonia Resort Hotel & Spa conference center, Parnu, EE"]
[Date "2025.08.12"]
[Round "3"]
[White "Kostov, Deyan Samuil"]
[Black "Shalamberidze, Akaki"]
[Result "1-0"]
[Board "11"]
[WhiteFideId "30909015"]
[BlackFideId "13600532"]
[WhiteTitle "FM"]
[BlackTitle "IM"]
[WhiteElo "2368"]
[BlackElo "2193"]
[WhiteTeam "BUL"]
[BlackTeam "GEO"]
[WhiteClock "0:05:18"]
[BlackClock "0:04:51"]
[Variant "Standard"]

1. d4 {[%clk 1:30:58]}  d5 {[%clk 1:28:02]} 2. c4 {[%clk 1:31:05]}  e6 {[%clk 1:27:54]} 3. Nc3 {[%clk 1:31:18]}  Nf6 {[%clk 1:27:54]} 4. cxd5 {[%clk 1:30:54]}  Nxd5 {[%clk 1:27:11]} 5. e4 {[%clk 1:30:00]}  Nxc3 {[%clk 1:27:23]} 6. bxc3 {[%clk 1:30:24]}  c5 {[%clk 1:27:42]} 7. Nf3 {[%clk 1:30:48]}  cxd4 {[%clk 1:28:00]} 8. cxd4 {[%clk 1:31:12]}  Bb4+ {[%clk 1:28:18]} 9. Bd2 {[%clk 1:31:37]}  Bxd2+ {[%clk 1:28:44]} 10. Qxd2 {[%clk 1:32:00]}  O-O {[%clk 1:29:05]} 11. Bc4 {[%clk 1:32:25]}  b6 {[%clk 1:29:31]} 12. O-O {[%clk 1:32:48]}  Bb7 {[%clk 1:29:59]} 13. Rfe1 {[%clk 1:33:12]}  Nc6 {[%clk 1:13:36]} 14. Rad1 {[%clk 1:28:32]}  Rc8 {[%clk 1:13:57]} 15. h4 {[%clk 1:22:18]}  Na5 {[%clk 1:07:00]} 16. Bf1 {[%clk 1:16:56]}  Qc7 {[%clk 0:54:07]} 17. h5 {[%clk 1:14:33]}  h6 {[%clk 0:54:02]} 18. Ne5 {[%clk 1:11:58]}  Rfd8 {[%clk 0:53:00]} 19. Qe3 {[%clk 1:04:41]}  Nc6 {[%clk 0:39:48]} 20. Ng4 {[%clk 0:59:39]}  Qe7 {[%clk 0:38:54]} 21. a3 {[%clk 0:45:37]}  Na5 {[%clk 0:16:26]} 22. Qg3 {[%clk 0:37:46]}  Kf8 {[%clk 0:14:32]} 23. Ne5 {[%clk 0:23:29]}  Nc6 {[%clk 0:13:48]} 24. Nxc6 {[%clk 0:18:13]}  Rxc6 {[%clk 0:13:09]} 25. d5 {[%clk 0:07:17]}  Rcc8 {[%clk 0:10:27]} 26. d6 {[%clk 0:06:18]}  Qg5 {[%clk 0:09:54]} 27. Qxg5 {[%clk 0:04:37]}  hxg5 {[%clk 0:10:22]} 28. e5 {[%clk 0:04:58]}  Bd5 {[%clk 0:05:18]} 29. g3 {[%clk 0:03:58]}  f6 {[%clk 0:04:20]} 30. Bg2 {[%clk 0:03:51]}  Bxg2 {[%clk 0:02:35]} 31. Kxg2 {[%clk 0:04:17]}  Kf7 {[%clk 0:02:55]} 32. f4 {[%clk 0:03:51]}  gxf4 {[%clk 0:02:11]} 33. gxf4 {[%clk 0:04:17]}  Rc3 {[%clk 0:02:34]} 34. Rc1 {[%clk 0:03:52]}  Rdc8 {[%clk 0:02:18]} 35. Rxc3 {[%clk 0:02:31]}  Rxc3 {[%clk 0:02:46]} 36. Rd1 {[%clk 0:02:16]}  Ke8 {[%clk 0:03:04]} 37. exf6 {[%clk 0:02:23]}  gxf6 {[%clk 0:03:31]} 38. d7+ {[%clk 0:02:45]}  Kd8 {[%clk 0:03:56]} 39. h6 {[%clk 0:03:03]}  Rc2+ {[%clk 0:02:42]} 40. Kg3 {[%clk 0:03:21]}  Rc3+ {[%clk 0:03:06]} 41. Kg4 {[%clk 0:03:01]}  Rc2 {[%clk 0:03:28]} 42. Kh5 {[%clk 0:02:19]}  Rh2+ {[%clk 0:03:12]} 43. Kg6 {[%clk 0:02:45]}  e5 {[%clk 0:03:37]} 44. f5 {[%clk 0:02:03]}  Rg2+ {[%clk 0:02:16]} 45. Kxf6 {[%clk 0:02:17]}  Rh2 {[%clk 0:02:35]} 46. Kg7 {[%clk 0:01:24]}  Rg2+ {[%clk 0:02:58]} 47. Kf6 {[%clk 0:01:12]}  Rh2 {[%clk 0:03:27]} 48. Kxe5 {[%clk 0:01:06]}  Rxh6 {[%clk 0:03:46]} 49. f6 {[%clk 0:01:06]}  Rh2 {[%clk 0:03:56]} 50. Rd4 {[%clk 0:00:44]}  Re2+ {[%clk 0:03:37]} 51. Kf5 {[%clk 0:01:07]}  Rf2+ {[%clk 0:03:59]} 52. Ke6 {[%clk 0:01:25]}  Re2+ {[%clk 0:04:04]} 53. Kf7 {[%clk 0:01:42]}  b5 {[%clk 0:04:16]} 54. Rd5 {[%clk 0:02:00]}  a6 {[%clk 0:00:45]} 55. Kg6 {[%clk 0:02:26]}  Rg2+ {[%clk 0:01:12]} 56. Rg5 {[%clk 0:02:43]}  Rf2 {[%clk 0:01:37]} 57. Kg7 {[%clk 0:02:48]}  Kxd7 {[%clk 0:01:44]} 58. f7 {[%clk 0:03:14]}  Ke7 {[%clk 0:02:11]} 59. Re5+ {[%clk 0:03:20]}  Kd6 {[%clk 0:02:36]} 60. Rg5 {[%clk 0:03:21]}  Ke7 {[%clk 0:03:04]} 61. Re5+ {[%clk 0:03:47]}  Kd6 {[%clk 0:03:33]} 62. Re8 {[%clk 0:04:05]}  Rg2+ {[%clk 0:04:00]} 63. Kf6 {[%clk 0:04:24]}  Rf2 {[%clk 0:04:24]} 64. Kg6 {[%clk 0:04:51]}  Rg2 {[%clk 0:04:51]} 65. Kh5 {[%clk 0:05:18]} 1-0

[Event "Classic Open"]
[Site "Estonia Resort Hotel & Spa conference center, Parnu, EE"]
[Date "2025.08.13"]
[Round "4"]
[White "Kazakouski, Valery"]
[Black "Laurusas, Tomas"]
[Result "1/2-1/2"]
[Board "1"]
[WhiteFideId "13507443"]
[BlackFideId "12803731"]
[WhiteTitle "GM"]
[BlackTitle "GM"]
[WhiteElo "2584"]
[BlackElo "2500"]
[WhiteTeam "LTU"]
[BlackTeam "LTU"]
[WhiteClock "0:23:23"]
[BlackClock "0:23:22"]
[Variant "Standard"]

1. d4 {[%clk 1:29:59]}  d5 {[%clk 1:27:50]} 2. c4 {[%clk 1:30:22]}  c6 {[%clk 1:28:06]} 3. Nf3 {[%clk 1:30:46]}  Nf6 {[%clk 1:28:28]} 4. e3 {[%clk 1:31:10]}  Bf5 {[%clk 1:22:58]} 5. Nc3 {[%clk 1:31:31]}  e6 {[%clk 1:23:18]} 6. Nh4 {[%clk 1:31:55]}  Bg6 {[%clk 1:20:23]} 7. Bd2 {[%clk 1:32:00]}  Nbd7 {[%clk 1:18:19]} 8. Qb3 {[%clk 1:30:59]}  Qb6 {[%clk 1:13:31]} 9. Nxg6 {[%clk 1:31:13]}  Qxb3 {[%clk 1:09:00]} 10. axb3 {[%clk 1:31:34]}  hxg6 {[%clk 1:09:27]} 11. Bd3 {[%clk 1:31:33]}  a6 {[%clk 1:09:36]} 12. Ke2 {[%clk 1:31:44]}  O-O-O {[%clk 1:05:40]} 13. h4 {[%clk 1:24:16]}  e5 {[%clk 0:52:27]} 14. Rac1 {[%clk 1:13:19]}  Kb8 {[%clk 0:51:35]} 15. g3 {[%clk 0:56:27]}  Bd6 {[%clk 0:42:19]} 16. Rhd1 {[%clk 0:47:18]}  Rhe8 {[%clk 0:39:58]} 17. Kf1 {[%clk 0:43:44]}  Nf8 {[%clk 0:35:42]} 18. dxe5 {[%clk 0:40:01]}  Bxe5 {[%clk 0:35:41]} 19. cxd5 {[%clk 0:40:15]}  cxd5 {[%clk 0:36:01]} 20. Na4 {[%clk 0:40:27]}  Ne6 {[%clk 0:35:28]} 21. Bc3 {[%clk 0:31:47]}  d4 {[%clk 0:33:52]} 22. exd4 {[%clk 0:31:28]}  Bxd4 {[%clk 0:34:03]} 23. Bc4 {[%clk 0:26:31]}  Bxc3 {[%clk 0:31:39]} 24. Nxc3 {[%clk 0:26:25]}  b5 {[%clk 0:25:00]} 25. Rxd8+ {[%clk 0:26:26]}  Nxd8 {[%clk 0:25:22]} 26. Be2 {[%clk 0:25:56]}  Ne6 {[%clk 0:25:29]} 27. Ra1 {[%clk 0:24:13]}  Kb7 {[%clk 0:23:22]} 28. Bf3+ {[%clk 0:23:23]} 1/2-1/2